Регионална библиотека "Любен Каравелов" - Русе

Тестове по български език и литература за кандидатстване след VІІ клас 2 (Запис номер 79338)

MARC детайли
000 -Лидер
Контролно поле с фиксирана дължина 01915nam a2200385 c 4500
003 - Код на организацията, давaща контролен номер
Контролно поле BLK
005 - Дата и час на последна редакция
Контролно поле 20240610161131.0
008 - Елементи от данни с фиксирана дължина
fixed length control field 180408b bul|||||r ||||||| ||bul||
010 ## - Наследен системен номер
LC control number KNG00083812000
020 ## - Международен стандартен номер на книга ISBN
Международен стандартен номер на книга ISBN 978-954-527-403-9
-- издат.: Дамян Яков
040 ## - Източник на каталожния запис
Идентификатор на билиотеката - собственик на записа BLK
041 ## - Код за език
Код за езика на текст/звукозапис или на отделно заглавие Български
Код за езика КДБФ Български
080 ## - УДК
Текстов определител УДК Български език в основното училище. Методика на обучението
УДК код - определител по УДК 373.3.016:811.163.2
УДК определител (079)(075.2)
УДК - код + определител 373.3.016:811.163.2(079)(075.2)
080 ## - УДК
Текстов определител УДК Българска литература в основното училище. Методика на обучението
УДК код - определител по УДК 373.3.016:821.163.2
УДК определител (079)(075.2)
УДК - код + определител 373.3.016:821.163.2(079)(075.2)
100 1# - Редна дума - Автор
Автор Димитрова, Веселина Петрова
Авторска отговорност първи автор
R(LIN) 285818
139 ## - Редно поле
Редна дума Димитрова, Веселина Петрова
Авторски знак Дими - Д 58
245 10 - Сведения за заглавието
Заглавие Тестове по български език и литература за кандидатстване след VІІ клас 2
Подзаглавни данни 500 задачи в 10 теста
Редно поле (дума) Веселина Петрова Димитрова.
257 ## - Страна на издаване
Страна на създаване/издаване България
260 ## - Област на издателските данни
-- София
Име на издателя, разпространителя и проч. Дамян Яков
Година на издаване 2008
Печатница В. Търново : Абагар
300 ## - Физическа характеристика
Страници 120 с.
Размери/Мащаб 20 см
380 ## - Жанр
Жанр Обществени науки
500 ## - Общи забележки
Забележка Офс. изд.
650 #4 - Допълнително описание по предмет – тема
Основно описание – тема или топоним Български език - тестове и задачи - учебници за основни училища
9 (RLIN) 256979
650 #4 - Допълнително описание по предмет – тема
Основно описание – тема или топоним Българска литература - тестове - учебници за училища
9 (RLIN) 265354
653 ## - Ключова дума – ненормативна
Ключова дума български език
653 ## - Ключова дума – ненормативна
Ключова дума българска литература
653 ## - Ключова дума – ненормативна
Ключова дума тестове
653 ## - Ключова дума – ненормативна
Ключова дума VІІ кл.
852 ## - Местоположение
Форматна сигнатура Цб 239995
856 4# - Електронен адрес и достъп
Електронен формат pdf - файл
Път до файла /url/
856 4# - Електронен адрес и достъп
Електронен формат pdf - файл
Път до файла /url/
942 ## - АРТИКУЛИ
Вид на библиотечния материал Книги
Скрит в OPAC Не
Koha issues (borrowed), all copies 2
944 ## - СЪЗДАВАНЕ И РЕДАКЦИЯ на ЗАПИСА
Създаване/Редакция Създаване
Дата на регистрацията/редакция 19.05.2008
Служител, извършил регистрацията/редакцията 30551
Статус, дата на статуса Бояна Костадинова
944 ## - СЪЗДАВАНЕ И РЕДАКЦИЯ на ЗАПИСА
Създаване/Редакция Редакция
Дата на регистрацията/редакция 04.02.2010
Служител, извършил регистрацията/редакцията
999 ## - СИСТЕМНИ КОНТРОЛНИ НОМЕРА
Koha biblionumber 79338
Koha biblioitemnumber 79338
Наличности
Код за отписване Код за изгубен артикул Източник на класификационната схема Код за повреда Коз за рестрикции Код за отдаване Артикулен № Име на библиотеката - собственик Име на библиотеката, в която се намира в момента Статус (Текущо местоположение) Дата на вписване в системата Местоположение - отдел Цена в лева Инвентарен номер Систематично азбучна сигнатура Баркод Номер на екземпляра Цена в евро Служебна бележка Служебен тип на артикула
  Не е изгубен Universal Decimal Classification Не е повреден без рестрикции заемане за дома 128404 Регионална библиотека "Любен Каравелов" Русе Регионална библиотека "Любен Каравелов" Русе Детски отдел 2008-05-19 Детски отдел 6.00 120000726420 ДН 373.3.016:821/Д 58 120000726420 1 3.07 Дост: Pk Вид: Ф N: 3673 Дата: 14.05.2008 Дата инв: 21.08.2015 Бележки инв: Д2015 Книги
  Не е изгубен   Не е повреден без рестрикции ползва се в читалня 128405 Регионална библиотека "Любен Каравелов" Русе Регионална библиотека "Любен Каравелов" Русе Хранилище 2010-02-04 Хранилище 6.00 120000741822 Цб 239995 120000741822 2 3.07 Дост: Dp Вид: Д N: 32 Дата: 29.07.2009 Книги
Vip Innovations Ltd, Rousse, Bulgaria 2025